Oferta y demanda de dinero: teoría y evidencia empírica
Gorde:
| Egile nagusia: | |
|---|---|
| Formatua: | Liburua |
| Hizkuntza: | gaztelania |
| Argitaratua: |
Madrid
Alianza
1989
|
| Saila: | Economía y Finanzas
|
| Gaiak: | |
| Etiketak: |
Etiketa erantsi
Etiketarik gabe, Izan zaitez lehena erregistro honi etiketa jartzen!
|
MARC
| LEADER | 00000nam a2200000 a 4500 | ||
|---|---|---|---|
| 001 | UCX8458 | ||
| 003 | CL-VaPUC | ||
| 008 | 940405e19890000SP |||||||||||||||||spa|d | ||
| 082 | 0 | 4 | |a 339 |b MAU |2 21 |
| 100 | |a Mauleon Torres, Ignacio |e autor |9 325575 | ||
| 245 | 1 | 0 | |a Oferta y demanda de dinero: teoría y evidencia empírica |
| 300 | |a 302 p | ||
| 942 | |c BK | ||
| 945 | |d 19940405 00:00:00 |a nfarias | ||
| 260 | |a Madrid |b Alianza |c 1989 | ||
| 650 | 0 | |a Macroeconomía |9 260301 | |
| 583 | |a last modification |c 19940405 00:00:00 |k Rodrigo Vera | ||
| 490 | 0 | |a Economía y Finanzas | |
| 999 | |c 227953 |d 227951 | ||
| 952 | |0 0 |1 0 |4 0 |6 339_000000000000000_MAU_1989 |7 0 |8 A |9 227450 |a BIBENE |b BIBENE |d 2019-11-15 |i 2967049 |o 339 MAU 1989 |p 2967049 |r 2025-01-15 |w 2019-11-15 |y BK |k ICO | ||